000 00325nam a22001337a 4500
999 _c8162
_d8162
003 OSt
005 20200806151104.0
008 200806b ||||| |||| 00| 0 eng d
082 _a721.04
100 _aKlaus Dunkelberg
245 _aIL 31 Bambus bamboo
260 _bInstitute fur leichte flachentragwerke
_c1985
942 _2ddc